000 01720nam a2200409Ia 4500
001 vtls003208957
003 MY-SjTCS
005 20200306164448.0
006 m u
007 cr cn|||||||||
008 100906s2004 mdua sb 001 0beng d
010 _z 2003-016412
020 _z0801878683
020 _z9780801878688
020 _z9780801886270
020 _z0801886279
035 _a(CaPaEBR)ebr10256364
039 9 _y201009061508
_zVLOAD
040 _aCaPaEBR
_cCaPaEBR
050 1 4 _aDG737.9
_b.K46 2004eb
100 1 _aKent, F. W.
_q(Francis William),
_d1942-
_9252546
245 1 0 _aLorenzo de' Medici and the art of magnificence
_h[electronic resource] /
_cF.W. Kent.
260 _aBaltimore :
_bJohns Hopkins University Press,
_cc2004.
300 _axii, 230 p. :
_bill.
490 1 _aThe Johns Hopkins symposia in comparative history ;
_v24th
504 _aIncludes bibliographical references and index.
529 _aTSLHHL
533 _aElectronic reproduction.
_bPalo Alto, Calif. :
_cebrary,
_d2009.
_nAvailable via World Wide Web.
_nAccess may be limited to ebrary affiliated libraries.
600 1 0 _aMedici, Lorenzo de',
_d1449-1492.
_9252547
650 0 _aStatesmen
_zItaly
_zFlorence
_vBiography.
_946440
650 0 _aIntellectuals
_zItaly
_zFlorence
_vBiography.
_9252548
651 0 _aFlorence (Italy)
_xHistory
_y1421-1737.
_9252549
655 7 _aElectronic books.
_2local
_9201578
710 2 _aebrary, Inc.
_925628
830 0 _aJohns Hopkins symposia in comparative history ;
_v24th.
_9252550
856 4 0 _uhttps://ezproxy.taylors.edu.my/login?url=http://site.ebrary.com/lib/taylorscollege/Doc?id=10256364
_zAn electronic book accessible through the World Wide Web; click to view
999 _c49957